Song sung blue / written and directed by Craig ... Read More
Available copies
- 4 of 5 copies available at LARL/NWRL Consortium.
- 3 of 4 copies available at Lake Agassiz Regional Library. (Show preferred library)
Current holds
0 current holds with 5 total copies.
Show Only Available Copies
| Location | Call Number / Copy Notes | Barcode | Shelving Location | Status | Due Date |
|---|---|---|---|---|---|
| Barnesville Public Library | DVD SON (Text) | 33500014355572 | Main | Available | - |
| Crookston Public Library | DVD SON (Text) | 33500014355580 | Main | Available | - |
| McIntosh Public Library | DVD SON (Text) | 33500014349229 | Main | Checked out | 07/06/2026 |
| Twin Valley LINK Site | DVD SON (Text) | 33500014348577 | Main | Available | - |
| Red Lake Falls Public Library | DVD SON (Text) | 35500006396988 | New | Available | - |
Record details
- Physical Description: 1 videodisc (132 min.) : sound, color ; 4 3/4 in.
- Edition: Collector's edition.
- Publisher: Universal City, CA : Universal Studios, [2026]
- Copyright: ©2026
Content descriptions
| General Note: | Based on the documentary by Greg Kohs. Originally released as a motion picture in 2025. Wide screen (1.85:1). Bonus features: Extended performances; One plus one equals three; Lightning in a bottle; Eye for ... Read More |
| Creation/Production Credits Note: | Director of photography, Amy Vincent ; production ... Read More |
| Participant or Performer Note: | Hugh Jackman, Kate Hudson, Michael Imperioli, Ella ... Read More |
| Summary, etc.: | "Based on an incredible true story, Mike and ... Read More |
| Target Audience Note: | MPA Rating: PG-13; for thematic material, some ... Read More |
| System Details Note: | DVD; NTSC, region 1; wide screen (1.85:1); Dolby ... Read More |
| Language Note: | English, French or Spanish dialogue; French or ... Read More |
| Source of Description Note: | Title from container; credits from end credit ... Read More |
Search for related items by subject
| Genre: | Biographical films. Musical films. Feature films. Fiction films. Film adaptations. Video recordings for people with visual disabilities. Video recordings for the hearing impaired. |
| LDR | 07169cgm a2201285 i 4500 | ||
|---|---|---|---|
| 001 | 480822 | ||
| 003 | LARL_NWRL_CONSORTIUM | ||
| 005 | 20260218130912.0 | ||
| 008 | 260114p20262025cau132 vleng d | ||
| 007 | vd cvaizk | ||
| 040 | . | ‡aTEFMT ‡beng ‡erda ‡cTEFMT ‡dTEF ‡dTEFMT ‡dOCLCO ‡dINO ‡dOCLCO ‡dIK2 ‡dJBU ‡dOCLCO | |
| 024 | 1 | . | ‡a191329286449 |
| 024 | 1 | . | ‡a191329286432 |
| 028 | 4 | 2. | ‡a1000859261 ‡bUniversal Studios ‡q(container) |
| 028 | 4 | 2. | ‡a3000101706 ‡bUniversal Studios ‡q(container) |
| 028 | 4 | 2. | ‡a1313195 ‡bUniversal Studios ‡q(disc) |
| 028 | 4 | 2. | ‡a2000191152 ‡bUniversal Studios ‡q(disc) |
| 035 | . | ‡a(OCoLC)1568835167 | |
| 037 | . | ‡bMidwest Tape ‡nhttp://www.midwesttapes.com | |
| 041 | 1 | . | ‡aeng ‡afre ‡aspa ‡jfre ‡jspa ‡peng ‡qeng ‡heng |
| 043 | . | ‡an-us-wi | |
| 046 | . | ‡k2025 ‡2edtf | |
| 082 | 0 | 4. | ‡a791.43/72 ‡223/eng/20260123 |
| 245 | 0 | 0. | ‡aSong sung blue / ‡cwritten and directed by Craig Brewer ; produced by John Davis, John Fox, Craig Brewer ; a Craig Brewer film ; a Davis Entertainment Company production ; a Focus Features presentation. |
| 250 | . | ‡aCollector's edition. | |
| 257 | . | ‡aUnited States ‡2naf | |
| 264 | 1. | ‡aUniversal City, CA : ‡bUniversal Studios, ‡c[2026] | |
| 264 | 4. | ‡c©2026 | |
| 300 | . | ‡a1 videodisc (132 min.) : ‡bsound, color ; ‡c4 3/4 in. | |
| 306 | . | ‡a021200 | |
| 336 | . | ‡atwo-dimensional moving image ‡btdi ‡2rdacontent | |
| 337 | . | ‡avideo ‡bv ‡2rdamedia | |
| 338 | . | ‡avideodisc ‡bvd ‡2rdacarrier | |
| 340 | . | ‡b4 3/4 in. | |
| 340 | . | ‡gpolychrome ‡2rdacc | |
| 341 | 0 | . | ‡aauditory ‡bclosedCaptions ‡2sapdv |
| 341 | 0 | . | ‡avisual ‡daudioDescription ‡2sapdv |
| 344 | . | ‡adigital ‡2rdatr | |
| 344 | . | ‡boptical ‡2rdarm | |
| 344 | . | ‡gsurround ‡2rdacpc | |
| 344 | . | ‡gstereo ‡2rdacpc | |
| 344 | . | ‡hDolby Digital 5.1 | |
| 344 | . | ‡hDolby Digital 2.0 | |
| 344 | . | ‡isound ‡2rdasco | |
| 345 | . | ‡c1.85:1 | |
| 345 | . | ‡dwide screen ‡2rdaar | |
| 346 | . | ‡bNTSC ‡2rdabs | |
| 347 | . | ‡avideo file ‡2rdaft | |
| 347 | . | ‡bDVD video | |
| 347 | . | ‡eregion 1 ‡2rdare | |
| 380 | . | ‡aMotion pictures ‡2lcgft | |
| 538 | . | ‡aDVD; NTSC, region 1; wide screen (1.85:1); Dolby Digital 5.1, Dolby Digital 2.0 (described video). | |
| 546 | . | ‡aEnglish, French or Spanish dialogue; French or Spanish subtitles; English subtitles for the deaf and hard of hearing (SDH); English described video. | |
| 532 | 1 | . | ‡aEnglish subtitles for the deaf and hard of hearing (SDH) |
| 532 | 1 | . | ‡aEnglish described video |
| 588 | 0 | . | ‡aTitle from container; credits from end credit frames. |
| 511 | 1 | . | ‡aHugh Jackman, Kate Hudson, Michael Imperioli, Ella Anderson, King Princess, Mustafa Shakir, Hudson Hensley, John Beckwith, Fisher Stevens, Jim Belushi. |
| 508 | . | ‡aDirector of photography, Amy Vincent ; production designer, Clay A. Griffith ; editor, Billy Fox ; costume designer, Ernesto Martinez ; score by Scott Bomar. | |
| 500 | . | ‡aBased on the documentary by Greg Kohs. | |
| 500 | . | ‡aOriginally released as a motion picture in 2025. | |
| 500 | . | ‡aWide screen (1.85:1). | |
| 521 | 8 | . | ‡aMPA Rating: PG-13; for thematic material, some strong language, some sexual material and brief drug use. |
| 520 | . | ‡a"Based on an incredible true story, Mike and Claire are two down-on-their-luck musicians who prove that it's never too late to find love and follow your dreams. They form a joyous Neil Diamond tribute band called Lightning and Thunder, rising from a humble garage to dive bar gigs to unexpected hometown stardom. When tragedy strikes, their love for each other and passion for music give them the strength to overcome hardships, rediscover hope, and inspire everyone around them."-- ‡cContainer. | |
| 500 | . | ‡aBonus features: Extended performances; One plus one equals three; Lightning in a bottle; Eye for style; Feature commentary with writer/director Craig Brewer. | |
| 600 | 1 | 0. | ‡aSardina, Mike ‡vDrama. |
| 600 | 1 | 0. | ‡aSardina, Claire ‡vDrama. |
| 610 | 2 | 0. | ‡aLightning & Thunder (Musical group) ‡vDrama. |
| 650 | 0. | ‡aAccident victims ‡vDrama. | |
| 650 | 0. | ‡aRock musicians ‡vDrama. | |
| 650 | 0. | ‡aTribute bands (Musical groups) ‡vDrama. | |
| 650 | 0. | ‡aFamilies ‡zWisconsin ‡zMilwaukee ‡vDrama. | |
| 655 | 7. | ‡aBiographical films. ‡2lcgft ‡0(LARL_NWRL_CONSORTIUM)175643 | |
| 655 | 7. | ‡aMusical films. ‡2lcgft ‡0(LARL_NWRL_CONSORTIUM)175635 | |
| 655 | 7. | ‡aFeature films. ‡2lcgft ‡0(LARL_NWRL_CONSORTIUM)175625 | |
| 655 | 7. | ‡aFiction films. ‡2lcgft ‡0(LARL_NWRL_CONSORTIUM)175626 | |
| 655 | 7. | ‡aFilm adaptations. ‡2lcgft ‡0(LARL_NWRL_CONSORTIUM)175712 | |
| 655 | 7. | ‡aVideo recordings for people with visual disabilities. ‡2lcgft ‡0(LARL_NWRL_CONSORTIUM)175745 | |
| 655 | 7. | ‡aVideo recordings for the hearing impaired. ‡2lcgft ‡0(LARL_NWRL_CONSORTIUM)175744 | |
| 700 | 1 | . | ‡aBrewer, Craig, ‡efilm director, ‡escreenwriter, ‡efilm producer. ‡0(LARL_NWRL_CONSORTIUM)210783 |
| 700 | 1 | . | ‡aDavis, John, ‡d1954- ‡efilm producer. |
| 700 | 1 | . | ‡aFox, John ‡c(Producer), ‡efilm producer. |
| 700 | 1 | . | ‡aJackman, Hugh, ‡eactor. ‡0(LARL_NWRL_CONSORTIUM)132179 |
| 700 | 1 | . | ‡aHudson, Kate, ‡d1979- ‡eactor. ‡0(LARL_NWRL_CONSORTIUM)146824 |
| 700 | 1 | . | ‡aImperioli, Michael, ‡d1966- ‡eactor. ‡0(LARL_NWRL_CONSORTIUM)137129 |
| 700 | 1 | . | ‡aAnderson, Ella, ‡d2005- ‡eactor. |
| 700 | 0 | . | ‡aKing Princess, ‡d1998- ‡eactor. |
| 700 | 1 | . | ‡aShakir, Mustafa ‡q(Mustafa S.), ‡eactor. |
| 700 | 1 | . | ‡aHensley, Hudson, ‡eactor. |
| 700 | 1 | . | ‡aBeckwith, John ‡c(Actor), ‡eactor. |
| 700 | 1 | . | ‡aStevens, Fisher, ‡eactor. ‡0(LARL_NWRL_CONSORTIUM)205276 |
| 700 | 1 | . | ‡aBelushi, James, ‡d1954- ‡eactor. ‡0(LARL_NWRL_CONSORTIUM)108191 |
| 700 | 1 | . | ‡aVincent, Amelia, ‡d1959- ‡edirector of photography. |
| 700 | 1 | . | ‡aGriffith, Clay A., ‡eproduction designer. ‡0(LARL_NWRL_CONSORTIUM)149216 |
| 700 | 1 | . | ‡aFox, Billy ‡q(Billy A.), ‡eeditor of moving image work. |
| 700 | 1 | . | ‡aMartinez, Ernesto ‡c(Costume designer), ‡ecostume designer. |
| 700 | 1 | . | ‡aBomar, Scott, ‡ecomposer. ‡0(LARL_NWRL_CONSORTIUM)210805 |
| 700 | 1 | . | ‡iMotion picture adaptation of (work): ‡aKohs, Greg. ‡tSong sung blue (Motion picture : 2008) |
| 710 | 2 | . | ‡aDavis Entertainment Company, ‡eproduction company. ‡0(LARL_NWRL_CONSORTIUM)145074 |
| 710 | 2 | . | ‡aFocus Features, ‡epresenter. ‡0(LARL_NWRL_CONSORTIUM)148966 |
| 710 | 2 | . | ‡aUniversal Pictures (Firm), ‡epublisher. ‡0(LARL_NWRL_CONSORTIUM)76903 |
| 901 | . | ‡a480822 ‡bAUTOGEN ‡c480822 ‡tbiblio | |

Add to basket
Permalink
Disable Highlighting